| 000 | 00883cab a2200253 4500 | ||
|---|---|---|---|
| 001 | WB3106-32 | ||
| 008 | 090401t1995 xxu||||| |||| 00| 0 eng d | ||
| 035 | _a(Sirsi) u71802 | ||
| 041 | _aeng | ||
| 245 | _aLenders, valuers and time limits | ||
| 260 | _c1995 | ||
| 350 | _a0 | ||
| 490 |
_aEstates Gazette _v(9505) 4 February 1995, 161(1) |
||
| 520 | _aThe CA in "First National Commercial Bank plc v Humberts" (WB3104-36) extends the potential liability of mortgage valuers dismissing the `date of transaction` principle for the purposes of limitation. (Reverses WB3037-55). | ||
| 650 | _aDATE OF TRANSACTION PRINCIPLE | ||
| 650 | _aLIMITATION ACT 1990 | ||
| 650 | _aMORTGAGE VALUATIONS | ||
| 650 | _aNEGLIGENCE | ||
| 650 | _aTIME LIMITS | ||
| 650 | _aVALUERS | ||
| 690 | _aMANAGEMENT-BUSINESS MANAGEMENT-PROFESSIONAL PRACTICE | ||
| 942 | _n0 | ||
| 948 | _c04/03/1997 | ||
| 999 |
_c45298 _d45298 |
||